000
00491nam a2200169Ia 4500
008
090711s9999 xx 000 0 und d
082
_b
68106
100
_a
गीतानंद स्वामी
245
_a
जीवन गीता
260
_c
1991
300
_a
503
600
_a
गीतानंद स्वामी
630
_a
जीवन गीता
700
_a
गीतानंद स्वामी
730
_a
जीवन गीता
942
_c
BOOK
999
_c
281732
_d
281732